|
|
|
|
| LEADER |
00000nam0a2200000 4500 |
| 001 |
209258 |
| 005 |
20231101225527.0 |
| 010 |
|
|
|a 9785396003323
|
| 035 |
|
|
|a (RuTPU)RU\TPU\book\228581
|
| 090 |
|
|
|a 209258
|
| 100 |
|
|
|a 20120210d2011 k y0rusy50 ca
|
| 101 |
0 |
|
|a rus
|
| 102 |
|
|
|a RU
|
| 105 |
|
|
|a a z 001zy
|
| 200 |
1 |
|
|a Окислительная конверсия природного газа
|f В. С. Арутюнов
|g Российская академия наук (РАН), Институт химической физики им. Н. Н. Семенова (ИХФ); под ред. А. Л. Лапидуса
|
| 210 |
|
|
|a Москва
|c КРАСАНД
|d 2011
|
| 215 |
|
|
|a 636 с.
|c ил.
|
| 320 |
|
|
|a Библиогр.: с. 611-636.
|
| 330 |
|
|
|a Настоящая монография представляет собой первую в отечественной научной литературе попытку рассмотреть с единых позиций большую совокупность гомогенно-гетерогенных процессов окислительной конверсии природного газа. В работе представлены основы кинетики газофазных реакций, необходимые для понимания механизма этих процессов. Изложены наиболее важные результаты по конверсии природного газа в оксигенаты, олефины и синтез-газ, оксипиролизу углеводородов, а также современные представления о механизме сажеобразования. Обсуждаются особенности промотирования и катализа высокотемпературных процессов окисления углеводородов, роль гомогенных и гетерогенных стадий; описаны альтернативные подходы к окислительной функциализации и технологическому использованию природного газа.
|
| 606 |
1 |
|
|a Природный газ
|x Конверсии
|2 stltpush
|3 (RuTPU)RU\TPU\subj\33402
|9 55653
|
| 610 |
1 |
|
|a газофазные реакции
|
| 610 |
1 |
|
|a кинетика
|
| 610 |
1 |
|
|a физические основы
|
| 610 |
1 |
|
|a сложные газофазные процессы
|
| 610 |
1 |
|
|a разветвленно-цепные процессы
|
| 610 |
1 |
|
|a углеводороды
|
| 610 |
1 |
|
|a окисление
|
| 610 |
1 |
|
|a тепловое воспламенение
|
| 610 |
1 |
|
|a горение
|
| 610 |
1 |
|
|a газофазное окисление
|
| 610 |
1 |
|
|a газофазная конверсия
|
| 610 |
1 |
|
|a метан
|
| 610 |
1 |
|
|a парциальное окисление
|
| 610 |
1 |
|
|a этан
|
| 610 |
1 |
|
|a пропан
|
| 610 |
1 |
|
|a бутан
|
| 610 |
1 |
|
|a углеводородные газы
|
| 610 |
1 |
|
|a технологические процессы
|
| 610 |
1 |
|
|a оксигенаты
|
| 610 |
1 |
|
|a алканы
|
| 610 |
1 |
|
|a промотирование
|
| 610 |
1 |
|
|a катализ
|
| 610 |
1 |
|
|a окислительная конденсация
|
| 610 |
1 |
|
|a синтез-газ
|
| 610 |
1 |
|
|a окислительный пиролиз
|
| 610 |
1 |
|
|a сажеобразование
|
| 610 |
1 |
|
|a восстановительные процессы
|
| 675 |
|
|
|a 662.767
|v 3
|
| 700 |
|
1 |
|a Арутюнов
|b В. С.
|g Владимир Сергеевич
|
| 702 |
|
1 |
|a Лапидус
|b А. Л.
|4 340
|
| 712 |
0 |
2 |
|a Российская академия наук (РАН)
|b Институт химической физики им. Н. Н. Семенова (ИХФ)
|c (Москва)
|2 stltpush
|3 (RuTPU)RU\TPU\col\881
|
| 801 |
|
1 |
|a RU
|b 63413507
|c 20120210
|
| 801 |
|
2 |
|a RU
|b 63413507
|c 20150708
|g RCR
|
| 942 |
|
|
|c BK
|
| 959 |
|
|
|a 22/20120210
|d 2
|e 998,91
|f ЧЗТЛ:1
|f АНЛ:1
|